00419pab a2200157 454500008004000000100001600040245006100056260000900117300001100126362001200137650001400149650002200163650002500185650001100210773004000221180718b1995 xxu||||| |||| 00| 0 eng d aJames, V.G. aDynamics of price fixationban economic analysis of law. c1995 ap.1-41 aJan-Mar aEconomics aWelfare economics aPrice fixing - India aPrices aJournal of the Indian Law Institute